000 01642nam0a2200361 4500
001 RU\NLR\BIBL_A\022449660
005 20250417155343.0
010 _a978-5-9940-0727-3
_9300
021 _aRU
_bКН-П-24-079797
_9КН-П-24-7974
035 _a(NLR Aleph) 022449660
090 _a13357161
_c13357161
100 _a20250207d2024 u y0rusy50 ca
101 0 _arus
_deng
102 _aRU
105 _aаc z 010zy
181 0 _ai
_baxxe
182 0 _an
200 1 _aСтраны "пояса соседства" России: модели развития и вопросы сотрудничества (памяти С. П. Глинкиной)
_fИнститут экономики Российской академии наук
_gответственные редакторы: Л. Б. Вардомский [и др.]
203 _aТекст
_bвизуальный
_cнепосредственный
210 _aМосква
_cИЭ РАН
_d2024
215 _a278, [1] с.
_cил., портр.
_d25
300 _aРез. англ.
320 _aБиблиогр. в подстроч. примеч.
606 1 _aЭкономические взаимоотношения
_92168790
_3RU\NLR\AUTH\661304751
686 1 _aУ589
702 1 _aВардомский
_bЛ. Б.
_f1946-
_gЛеонид Борисович
_4340
702 1 _aГлинкина
_bС. П.
_f1954-2019
_gСветлана Павловна
_4570
712 0 2 _4475
_aИнститут экономики
_cМосква
_9277114
_3RU\NLR\AUTH\882985
942 _cBOOK
980 _aNB